লোডিং...
Endangered animals of india and their conservation
| প্রধান লেখক: | |
|---|---|
| বিন্যাস: | Printed Book |
| ভাষা: | Undetermined English |
| প্রকাশিত: |
India
National Book Trust
1992
|
| বিষয়গুলি: |
| LEADER | 00547nam a2200169Ia 4500 | ||
|---|---|---|---|
| 008 | 140306s9999 xx 000 0 und d | ||
| 041 | |a eng | ||
| 082 | |a 590 |b NAI/EN | ||
| 100 | |a Nair, S.M | ||
| 245 | |a Endangered animals of india and their conservation | ||
| 260 | |a India |b National Book Trust |c 1992 | ||
| 300 | |a 110 | ||
| 365 | |b Rs.35 | ||
| 650 | |a Zoology | ||
| 942 | |2 ddc |c BK | ||
| 999 | |c 114950 |d 114950 | ||
| 952 | |0 0 |1 0 |2 ddc |4 0 |6 590_000000000000000_NAIEN |7 0 |9 113246 |a KAUHCV |b KAUHCV |d 2004-04-22 |g 35.00 |o 590 NAI/EN |p KAU_HCV-24452 |r 2014-03-22 |w 2014-03-22 |y BK | ||